La investigación del átomo

Gorde:
Xehetasun bibliografikoak
Egile nagusia: Gamow, George (Egilea)
Formatua: Liburua
Hizkuntza:gaztelania
Argitaratua: Ciudad de México Fondo de Cultura Económica 1963
Edizioa:2a. ed
Saila:Breviarios del Fondo de Cultura Económica, 116
Gaiak:
Etiketak: Etiketa erantsi
Etiketarik gabe, Izan zaitez lehena erregistro honi etiketa jartzen!

MARC

LEADER 00000nam a2200000 a 4500
001 UCH1837
003 CL-VaPUC
008 090514e19630000MX |||||||||||||||||spa|d
082 0 4 |a 539.1  |b GAM  |2 21 
100 |a Gamow, George  |e author  |9 547884 
245 1 3 |a La investigación del átomo 
250 |a 2a. ed 
300 |a 113 p 
942 |c BK 
945 |d 20090514 00:00:00  |a dcastane 
260 |a Ciudad de México  |b Fondo de Cultura Económica  |c 1963 
650 7 |a LITERATURA Y CIENCIA  |2 CL-VaPUC  |9 328870 
650 0 |a Ciencia ficción   |9 314542 
650 0 |a Átomos  |9 259583 
583 |a last modification  |c 20090514 00:00:00  |k Rodrigo Vera 
490 0 |a Breviarios del Fondo de Cultura Económica, 116 
999 |c 333734  |d 333732 
952 |0 0  |1 0  |4 0  |6 539_100000000000000_GAM_1963  |7 0  |8 A  |9 422334  |a BIBCUR  |b BIBCUR  |d 2019-11-22  |i 4542541  |o 539.1 GAM 1963  |p 4542541  |r 2025-04-22  |w 2019-11-22  |y BK  |k FIS